The concise Oxford dictionary of current English : (Record no. 191410)

MARC details
000 -LEADER
campo de control de longitud fija 01048nam a2200277 i 4500
001 - NÚMERO DE CONTROL
campo de control 191410
003 - IDENTIFICADOR DE NÚMERO DE CONTROL
campo de control ES-MaACL
005 - FECHA Y HORA DE LA ÚLTIMA TRANSACCIÓN
campo de control 20251013231946.0
008 - DATOS DE LONGITUD FIJA--INFORMACIÓN GENERAL
campo de control de longitud fija 220922s19830000xxk d 000 0 eng a
020 ## - NÚMERO INTERNACIONAL ESTÁNDAR DEL LIBRO
Número Internacional Estándar del Libro 0198611315
020 ## - NÚMERO INTERNACIONAL ESTÁNDAR DEL LIBRO
Número Internacional Estándar del Libro 0198611323
040 ## - FUENTE DE CATALOGACIÓN
Centro catalogador/agencia de origen DEUSTO.
Lengua de catalogación spa
080 ## - NÚMERO DE LA CLASIFICACIÓN DECIMAL UNIVERSAL
Número de la Clasificación Decimal Universal 802.0-3
080 ## - NÚMERO DE LA CLASIFICACIÓN DECIMAL UNIVERSAL
Número de la Clasificación Decimal Universal (038)=111
245 04 - MENCIÓN DEL TÍTULO
Título The concise Oxford dictionary of current English :
Resto del título based on the Oxford English dictionary and its supplements /
Mención de responsabilidad, etc. edited by H. W. Fowler and F. G. Fowler, based on the Oxford dictionary.
250 ## - MENCION DE EDICION
Mención de edición 7th ed., repr. (with corrections) 1983 / edited by J.B. Sykes.
260 ## - PUBLICACIÓN, DISTRIBUCIÓN, ETC.
Lugar de publicación, distribución, etc. Oxford :
Nombre del editor, distribuidor, etc. Clarendon,
Fecha de publicación, distribución, etc. 1983.
300 ## - DESCRIPCIÓN FÍSICA
Extensión XXVII, 1264 p. ;
Dimensiones 19 cm.
650 04 - PUNTO DE ACCESO ADICIONAL DE MATERIA--TÉRMINO DE MATERIA
Término de materia o nombre geográfico como elemento de entrada Lengua inglesa-
Subdivisión de forma Diccionarios.
9 (RLIN) 14269
700 1# - ENTRADA AGREGADA--NOMBRE PERSONAL
Nombre de persona Fowler, Henry Watson,
Fechas asociadas al nombre 1858-1933
9 (RLIN) 175232
700 1# - ENTRADA AGREGADA--NOMBRE PERSONAL
Nombre de persona Fowler, Francis George,
Fechas asociadas al nombre 1870-1918
9 (RLIN) 175233
700 1# - ENTRADA AGREGADA--NOMBRE PERSONAL
Nombre de persona Sykes, J. B.
9 (RLIN) 200812
852 ## - LOCALIZACIÓN
Ubicación ES-MaACL
Número de control de estantería A-15220
itemnumber 198610
Sublocalización o colección R.119167
Ubicación en estantería Depósito 1
Signatura antigua Olim: DIC-L 111 con
-- Olim: Meseton
942 ## - ELEMENTOS DE ENTRADA SECUNDARIOS (KOHA)
Fuente del sistema de clasificación o colocación Clasificación decimal universal
Holdings
Estatus retirado Estado de pérdida Fuente del sistema de clasificación o colocación Estado de daño No para préstamo Biblioteca de origen Biblioteca actual Ubicación en estantería Fecha de adquisición Total de préstamos Signatura topográfica completa Código de barras Visto por última vez Precio de reemplazo Tipo de ítem Koha
    Clasificación decimal universal     Biblioteca del Ateneo de Madrid Biblioteca del Ateneo de Madrid Depósito 1 22/09/2022   A-15220 1203737 23/02/2023 23/02/2023 Libro impreso